000 00463nam a2200169Ia 4500
003 GCL
008 140319s9999 xx 000 0 ara d
040 _aGCL /
_cGCL
082 0 4 _a377.1
_bس ا
100 1 _aسعيد اسماعيل على
245 1 0 _aالاصول الاسلامية للتربية /
_cسعيد اسماعيل على
300 _a403 ص
490 _a
650 0 4 _aمصر
650 0 4 _aالتربية الاسلامية
942 _2ddc
_cBK
999 _c38839
_d38839